Deftones Songs - Statistics

General Stats
  • This quiz has been taken 1,895 times
    670 since last reset
  • The average score is 55 of 128
Answer Stats
Album Song % Correct
White Pony (2000) Change (In the House of Flies)
88%
B-Sides & Rarities (2005) Change (In the House of Flies) (Acoustic)
88%
Around the Fur (1997) My Own Summer (Shove It)
85%
Around the Fur (1997) Around the Fur
84%
Around the Fur (1997) Be Quiet and Drive (Far Away)
84%
B-Sides & Rarities (2005) Be Quiet and Drive (Far Away) (Acoustic)
84%
Saturday Night Wrist (2006) Cherry Waves
80%
Diamond Eyes (2010) Diamond Eyes
80%
Around the Fur (1997) Mascara
77%
Adrenaline (1995) 7 Words
76%
Diamond Eyes (2010) Sextape
75%
Koi No Yokan (2012) Rosemary
70%
Adrenaline (1995) Bored
69%
White Pony (2000) Passenger
69%
White Pony (2000) Back to School (Mini Maggit)
68%
White Pony (2000) Digital Bath
67%
B-Sides & Rarities (2005) Digital Bath (Acoustic)
67%
Ohms (2020) Ohms
67%
Adrenaline (1995) Engine No. 9
66%
Koi No Yokan (2012) Entombed
66%
Saturday Night Wrist (2006) Hole In the Earth
66%
private music (2025) my mind is a mountain
65%
Around the Fur (1997) MX
63%
White Pony (2000) Pink Maggit
63%
Deftones (2003) Minerva
62%
Around the Fur (1997) Lhabia
61%
White Pony (2000) Knife Prty
58%
private music (2025) milk of the madonna
57%
Around the Fur (1997) Lotion
56%
Diamond Eyes (2010) Beauty School
55%
Around the Fur (1997) Dai the Flu
54%
White Pony (2000) Korea
54%
Saturday Night Wrist (2006) Beware
53%
Diamond Eyes (2010) Risk
53%
White Pony (2000) Rx Queen
53%
Koi No Yokan (2012) Swerve City
53%
Gore (2016) Gore
52%
Adrenaline (1995) Root
52%
Around the Fur (1997) Rickets
51%
White Pony (2000) Teenager
51%
B-Sides & Rarities (2005) Teenager (Idiot Version)
51%
Around the Fur (1997) Headup
50%
private music (2025) i think about you all the time
49%
Saturday Night Wrist (2006) Mein
47%
Deftones (2003) Hexagram
45%
Saturday Night Wrist (2006) Kimdracula
45%
Deftones (2003) Needles and Pins
45%
Diamond Eyes (2010) Rocket Skates
45%
Saturday Night Wrist (2006) Xerces
45%
Diamond Eyes (2010) You've Seen the Butcher
45%
White Pony (2000) Feiticeira
44%
Koi No Yokan (2012) Goon Squad
44%
Saturday Night Wrist (2006) Rats!Rats!Rats!
44%
White Pony (2000) Street Carp
44%
White Pony (2000) Elite
43%
Saturday Night Wrist (2006) Pink Cellphone
43%
Diamond Eyes (2010) 976-EVIL
42%
private music (2025) infinite source
42%
Adrenaline (1995) Nosebleed
41%
Diamond Eyes (2010) Prince
41%
Koi No Yokan (2012) Tempest
41%
Adrenaline (1995) Fist
40%
Koi No Yokan (2012) Leathers
40%
Gore (2016) Prayers / Triangles
40%
Ohms (2020) Genesis
39%
private music (2025) ~metal dream
39%
Gore (2016) Phantom Bride
39%
Diamond Eyes (2010) CMND/CTRL
38%
Saturday Night Wrist (2006) Drive
38%
Adrenaline (1995) Fireal
38%
Deftones (2003) When Girls Telephone Boys
38%
private music (2025) cXz
37%
Deftones (2003) Moana
37%
Diamond Eyes (2010) Royal
37%
Diamond Eyes (2010) This Place Is Death
37%
private music (2025) cut hands
36%
Gore (2016) (L)MIRL
36%
Adrenaline (1995) Minus Blindfold
36%
B-Sides & Rarities (2005) Please, Please, Please Let Me Get What I Want
36%
private music (2025) departing the body
35%
Koi No Yokan (2012) Romantic Dreams
35%
private music (2025) locked club
34%
Koi No Yokan (2012) What Happened to You?
34%
Deftones (2003) Battle-Axe
33%
Gore (2016) Hearts / Wires
33%
Adrenaline (1995) One Weak
33%
Ohms (2020) The Spell of Mathematics
33%
private music (2025) ecdysis
32%
Koi No Yokan (2012) Gauze
32%
Adrenaline (1995) Lifter
32%
Koi No Yokan (2012) Poltergeist
32%
Saturday Night Wrist (2006) Rapture
32%
Deftones (2003) Deathblow
31%
Saturday Night Wrist (2006) Rivière
31%
Deftones (2003) Bloody Cape
30%
Ohms (2020) Ceremony
30%
Deftones (2003) Lucky You
28%
private music (2025) souvenir
28%
Adrenaline (1995) Birthmark
27%
Saturday Night Wrist (2006) U,U,D,D,L,R,L,R,A,B,Select,Start
27%
Diamond Eyes (2010) Ghosts
26%
Saturday Night Wrist (2006) Combat
25%
Ohms (2020) Error
25%
Gore (2016) Xenon
25%
Deftones (2003) Anniversary of an Uninteresting Event
24%
Gore (2016) Geometric Headdress
24%
Deftones (2003) Good Morning Beautiful
24%
Koi No Yokan (2012) Graphic Nature
24%
Ohms (2020) Headless
24%
Gore (2016) Rubicon
24%
Gore (2016) Acid Hologram
23%
Ohms (2020) Urantia
23%
Ohms (2020) This Link Is Dead
21%
Gore (2016) Pittura Infamante
20%
Ohms (2020) Pompeji
20%
Ohms (2020) Radiant City
20%
Gore (2016) Doomed User
19%
Diamond Eyes (2010) Do You Believe
19%
B-Sides & Rarities (2005) Simple Man
16%
Diamond Eyes (2010) Caress
15%
B-Sides & Rarities (2005) Sinatra
14%
B-Sides & Rarities (2005) Black Moon
13%
B-Sides & Rarities (2005) No Ordinary Love
12%
B-Sides & Rarities (2005) The Chauffeur
12%
B-Sides & Rarities (2005) Wax and Wane
12%
B-Sides & Rarities (2005) Savory
11%
B-Sides & Rarities (2005) Crenshaw Punch / I'll Throw Rocks at You
8%
B-Sides & Rarities (2005) If Only Tonight We Could Sleep (Live)
6%
No matching quizzes found
Score Distribution
Percent of People with Each Score
Percentile by Number Answered
Your Score History
You have not taken this quiz since the last reset